Κοινωνιολογία του δικαίου

Αποθηκεύτηκε σε:
Λεπτομέρειες βιβλιογραφικής εγγραφής
Κύριος συγγραφέας: Παπαχρίστου, Θανάσης Κ.
Μορφή: Βιβλίο
Γλώσσα:Greek
Δημοσίευση: Αθήνα, Κομοτηνή : Σάκκουλας, 1999.
Σειρά:Θεσμοί της Ελληνικής Κοινωνίας
Θέματα:
Ετικέτες: Προσθήκη ετικέτας
Δεν υπάρχουν, Καταχωρήστε ετικέτα πρώτοι!

MARC

LEADER 00000cam a2200000 i 4500
001 1/44852
008 140328s1999 gr | ||| |||| ||gre||
020 |a 9601501061 
035 |l 10117199 
040 |a GR-MY-UA  |b gre  |e aacr 
041 0 |a gre 
082 7 |a 340.115   |2 (23) 
100 1 |a Παπαχρίστου, Θανάσης Κ. 
245 1 0 |a Κοινωνιολογία του δικαίου /   |c Θανάσης Κ. Παπαχρίστου.  
260 |a Αθήνα, Κομοτηνή :   |b Σάκκουλας,   |c 1999.  
300 |a xvi, 254 σ. ;   |c 21 εκ.  
490 1 |a (Θεσμοί της Ελληνικής Κοινωνίας)  
504 |a Περιέχει βιβλιογραφικές παραπομπές.  
650 0 0 |a Sociological jurisprudence. 
830 0 |a Θεσμοί της Ελληνικής Κοινωνίας 
852 |a INST  |b LESVOS  |c EUDOXUS  |e 20140328  |h 340.115 ΠΑΠ  |p 005100053852  |q 005100053852  |t EDX  |y 0 
901 |a BIBL1-2014-1 
909 |a Λ  |b 186730 
920 |a ΕΥΔΟΞΟΣ  |b ΕΠΙΣΤΡΟΦΗ  |y Λέσβος  |z 2014-02 
970 |a ΤΖΑΦΕΡΗ  |b ΕΥΑΓΓΕΛΙΑ  |z 2014/03/28